Certified safe : (Record no. 31730)

000 -LEADER
fixed length control field 00583nam a22001697a 4500
008 - FIXED-LENGTH DATA ELEMENTS--GENERAL INFORMATION
fixed length control field 230725b |||||||| |||| 00| 0 eng d
020 ## - INTERNATIONAL STANDARD BOOK NUMBER
International Standard Book Number 9781649839176
050 ## - LIBRARY OF CONGRESS CALL NUMBER
Classification number TX 911.3 .K75 2020
100 ## - MAIN ENTRY--PERSONAL NAME
Personal name Krishna, Pavithra P.
245 ## - TITLE STATEMENT
Title Certified safe :
Remainder of title The Basics of Food Safety and Hygiene Practices to Grow your Business /
250 ## - EDITION STATEMENT
Edition statement 1st ed.
260 ## - PUBLICATION, DISTRIBUTION, ETC. (IMPRINT)
Place of publication, distribution, etc. India:
Name of publisher, distributor, etc. Notion press,
Date of publication, distribution, etc. 2020.
300 ## - PHYSICAL DESCRIPTION
Extent 126p. ;
Other physical details ill. ;
Dimensions 19 cm.
500 ## - GENERAL NOTE
General note includes bibliographical references and index.
650 ## - SUBJECT ADDED ENTRY--TOPICAL TERM
Source of heading or term Food safety
942 ## - ADDED ENTRY ELEMENTS (KOHA)
Source of classification or shelving scheme
Koha item type Hard Covered Materials
Classification part TX 911.3 .K75 2020
Holdings
Withdrawn status Lost status Source of classification or shelving scheme Damaged status Not for loan Home library Current library Shelving location Date acquired Source of acquisition Total Checkouts Full call number Barcode Date last seen Date last checked out Price effective from Koha item type
          MACHAKOS UNIVERSITY LIBRARY MACHAKOS UNIVERSITY LIBRARY Open shelf 25/07/2023 Donation ( Unes University) 1 TX 911.3 .K75 2020 39527 28/02/2024 21/02/2024 25/07/2023 Hard Covered Materials
          MACHAKOS UNIVERSITY LIBRARY MACHAKOS UNIVERSITY LIBRARY Open shelf 25/07/2023 Donation (Unes University) 1 TX 911.3 .K75 2020 39528 12/03/2024 28/02/2024 25/07/2023 Hard Covered Materials
© Machakos University Library, Along The Highway, Machakos Wote Rd, Machakos, Kenya P.O. Box 136 - 90100 Machakos - Kenya

Tel: ( +254 ) 723 805829 OR Fax : 044-20353 OR Email: library@mksu.ac.ke